000
00235nam a22000857a 4500
008
161215b xxu||||| |||| 00| 0 eng d
100
_9
2068
_a
Garg, P.K
245
_a
Practice excercise in mathematics part -3
260
_a
NEW DELHI
_b
NCERT
_c
2007
999
_c
4937
_d
4937